00423nam a2200145 450000100060000010000400000610100080004610200070005420001400006121000290020121500100023030000150024067500100025580100120026543982 a20241129 pory50  apor aPT aGato fedorento esmiúça os sufrágiosfGato fedorentogTiago Dores , Miguel Góis , Ricardo Araújo Pereira , Zé Diogo Quintela a[S.l.]cSICd[cop. 2009] a3 DVD a12h42m M/6 a82-22 aPTgRPC